someone like u - Ariana Grande (All Lyrics) - Statistics

General Stats
  • This quiz has been taken 38 times
  • The average score is 72 of 77
Answer Stats
Lyrics % Correct
like
100%
like
100%
like
100%
like
100%
like
100%
like
100%
like
100%
you
100%
you)
100%
you
100%
you)
100%
you,
100%
you,
100%
you
100%
you
100%
you)
100%
you
100%
you,
100%
you,
100%
you
100%
you,
100%
(you,
100%
you,
100%
you)
100%
you,
100%
you,
100%
you,
100%
someone
97%
(someone
97%
someone
97%
(someone
97%
someone
97%
(someone
97%
someone
97%
to
97%
to
97%
be
94%
be
94%
be
94%
be
94%
baby,
91%
baby,
91%
baby
91%
been
91%
been
91%
been
91%
been
91%
for
91%
for
91%
for
91%
for
91%
i've
91%
i've
91%
i've
91%
i've
91%
too
91%
too
91%
waiting
91%
waiting
91%
waiting
91%
waiting
91%
yeah
91%
good
89%
good
89%
true
89%
true
89%
oh,
86%
oh
86%
don't
83%
don't
83%
please
83%
please
83%
this
77%
this
77%
time,
74%
time,
74%
mm,
69%
No matching quizzes found
Score Distribution
Percent of People with Each Score
Percentile by Number Answered
Your Score History
You have not taken this quiz